000
00290nam a22001217a 4500
008
180316b xxu||||| |||| 00| 0 eng d
041
_a
eng
080
_a
37
100
_a
25
101
_a
edu
245
_a
the writers options college sentence combining
_c
daiker.d.a
942
_2
udc
_c
BK
999
_c
45217
_d
45217